000 00404nam a22001337a 4500
999 _c130296
_d130296
008 200204b ||||| |||| 00| 0 eng d
050 _aDA68.12.W4
_bL6
100 _aLongford, Elizabeth
_940200
245 _aWellington
_bpillar of state
_cElizabeth Longford
260 _aHerts
_bPanther Books
_c1972
300 _a574p. ;
_c18cm.
600 _aWellington, Arthur Wellesky
_949355
942 _2lcc
_cMONOGRAPH